New York City Birds by Picture - Statistics

General Stats
  • This quiz has been taken 22 times
  • The average score is 9 of 16
Answer Stats
Picture Answer % Correct
Blue Jay
100%
Barred Owl
76%
Mute Swan
76%
Canada Goose
71%
Northern Cardinal
71%
Downy Woodpecker
65%
Peregrine Falcon
59%
Red-tailed Hawk
59%
Barn Swallow
53%
Black-capped Chickadee
47%
Eastern Bluebird
47%
Great Egret
47%
Wood Duck
47%
House Finch
41%
Magnolia Warbler
35%
Bufflehead
29%
No matching quizzes found
Score Distribution
Percent of People with Each Score
Percentile by Number Answered
Your Score History
You have not taken this quiz